| 000 | 00615nam a22002177a 4500 | ||
|---|---|---|---|
| 003 | UA-OsUOA | ||
| 001 | 49925 | ||
| 007 | ta | ||
| 008 | 20071015b un ||||| |||| 00| 0 ukr d | ||
| 090 |
_a94(82) _bЛ52 |
||
| 942 | _cBK | ||
| 040 |
_aUA-OsUOA _brus _cUA-OsUOA _dUA-OsUOA |
||
| 245 |
_aЛетописи и хроники _bСборник статей 1984 г. _cОтв. ред. Буганов В. И. |
||
| 300 | _a235 с. | ||
| 955 | _a1 | ||
| 041 | _arus | ||
| 080 | _a94(82) | ||
| 260 |
_aМ. _bНаука _c1984 |
||
| 650 | 7 |
_a9 Географія. Біографії. Історія _2UDC |
|
| 999 |
_c336024 _d336024 |
||